| 000 | 00450nam a22001817a 4500 | ||
|---|---|---|---|
| 003 | LK-CoMWRAF | ||
| 005 | 20230926121007.0 | ||
| 008 | 230926b |||||||| |||| 00| 0 eng d | ||
| 040 |
_aLK-CoMWRAF _dLK-CoMWRAF _eLK-CoMWRAF |
||
| 041 | _aeng | ||
| 082 |
_a297.211 _bMUH |
||
| 100 | _aMuhammad, T. | ||
| 245 | _aOne God one creed | ||
| 260 |
_aBahrain : _bDiscover Islam |
||
| 650 | _aIslam-God | ||
| 700 |
_aAshraf, K. Yaseen _etrans. |
||
| 942 | _cBK | ||
| 999 |
_c3680 _d3680 |
||